00829nam a2200217 4500003000900000020001800009040002800027082002200055100002500077245013000102260003100232300002600263490008300289500003800372650003200410650003600442650003500478650003800513650003600551700002400587CO-ViMGA a9789586655248 aCO-ViMGAbspacCO-ViMGA04a808.066378 bM87o1 aMurillo O., Javier H10aLa ortografía de Tarzánb claves para escribir en la universidadcJavier H. Murillo O., Laura Ramírez S., Lina Calle A. aBogotábSiglo del Hombre a290 páginas b24 cm aPlan Nacional de Lectura y Escritura Leer es mi Cuento / Ministerio de Cultura aRecomendado para público adulto14aArte De Escribir - Manuales14aComunicacion Escrita - Manuales14aEscritos Academicos - Manuales14aEspañol - Ortigrafia - Manuales14aEspañol - Sintaxis - Manuales1 aRamírez S., Laura